|
|
|
|
| LEADER |
00000nam0a2200000 4500 |
| 001 |
253847 |
| 005 |
20231101232900.0 |
| 035 |
|
|
|a (RuTPU)RU\TPU\book\276262
|
| 090 |
|
|
|a 253847
|
| 100 |
|
|
|a 20140317d1988 k y0rusy50 ca
|
| 101 |
0 |
|
|a rus
|
| 102 |
|
|
|a TJ
|
| 105 |
|
|
|a a z 001zy
|
| 200 |
1 |
|
|a Землетрясения Средней Азии и Казахстана, 1985
|f Региональный центр прогноза землетрясений Средней Азии и Казахстана ; под ред. С. Х. Негматуллаева
|
| 210 |
|
|
|a Душанбе
|c Дониш
|d 1988
|
| 215 |
|
|
|a 312 с.
|c ил.
|
| 320 |
|
|
|a Библиогр. в конце ст.
|
| 606 |
1 |
|
|a Землетрясения
|2 stltpush
|3 (RuTPU)RU\TPU\subj\11717
|9 38626
|
| 610 |
1 |
|
|a Средняя Азия
|
| 610 |
1 |
|
|a Казахстан
|
| 610 |
1 |
|
|a сейсмичность
|
| 610 |
1 |
|
|a земная кора
|
| 610 |
1 |
|
|a исследование
|
| 610 |
1 |
|
|a напряженно-деформированное состояние
|
| 610 |
1 |
|
|a гидрогеохимические наблюдения
|
| 610 |
1 |
|
|a магнитуды
|
| 675 |
|
|
|a 550.348.436
|v 3
|
| 702 |
|
1 |
|a Негматуллаев
|b С. Х.
|g Собит Хабибуллаевич
|4 340
|
| 712 |
0 |
2 |
|a Региональный центр прогноза землетрясений Средней Азии и Казахстана
|2 stltpush
|3 (RuTPU)RU\TPU\col\19651
|9 27549
|
| 801 |
|
1 |
|a RU
|b 63413507
|c 20140317
|
| 801 |
|
2 |
|a RU
|b 63413507
|c 20140506
|g RCR
|
| 942 |
|
|
|c BK
|